000 00547cam a22002291 4500
001 sa 68001831
003 DLC
005 20260227112437.0
008 950123s1967 ii 000 1 tamo
010 _asa 68001831
025 _aPL480:I-T-1758
035 _a(OCoLC)31874017
040 _aDLC
_cCU
_dCU
_dDLC
042 _apremarc
050 0 0 _aPL4758.9.S47
_bT5
100 1 _aShanmugam, R.,
_d1926-
245 1 0 _aTiruvāḷar Āḷavantār.
260 _c[1967]
300 _a164 p.
_c19 cm.
500 _aIn Tamil.
500 _aA novel.
999 _c78252
_d78252